The good corporate citizen : a practical guide /

Bibliographic Details
Main Author: Rubenstein, Doris
Corporate Author: NetLibrary, Inc
Format: eBook
Language:English
Published: Hoboken, N.J. : John Wiley & Sons, [2004]
Subjects:
Online Access:Connect to the full text of this electronic book

MARC

Tag First Indicator Second Indicator Subfields
LEADER 00000cam a2200000Ia 4500
001 in00002005608
005 20220105141835.0
006 m d
007 cr cnu---unuuu
008 040622s2004 njua sb 001 0 eng d
020 |a 0471656844 (electronic bk.) 
035 |a (OCoLC)ocm55692058 
040 |a N$T  |c N$T  |d UtOrBLW 
049 |a IKMN 
050 1 4 |a HD60.5.U5  |b R82 2004eb 
082 0 4 |a 658.408  |2 22 
100 1 |a Rubenstein, Doris.  |0 http://id.loc.gov/authorities/names/no2004036516 
245 1 4 |a The good corporate citizen :  |b a practical guide /  |c Doris Rubenstein. 
264 1 |a Hoboken, N.J. :  |b John Wiley & Sons,  |c [2004] 
264 4 |c ©2004 
300 |a xv, 200 pages :  |b illustrations ;  |c 26 cm. 
336 |a text  |b txt  |2 rdacontent 
337 |a computer  |b c  |2 rdamedia 
338 |a online resource  |b cr  |2 rdacarrier 
504 |a Includes bibliographical references (pages 189-193) and index. 
533 |a Electronic reproduction.  |b Boulder, Colo. :  |c NetLibrary,  |d 2004.  |n Available via World Wide Web.  |n Access may be limited to NetLibrary affiliated libraries. 
500 |a Electronic resource. 
650 0 |a Social responsibility of business.  |0 http://id.loc.gov/authorities/subjects/sh90005735 
650 0 |a Corporations  |x Charitable contributions.  |0 http://id.loc.gov/authorities/subjects/sh85032935 
650 0 |a Industrial management.  |0 http://id.loc.gov/authorities/subjects/sh85065889 
650 0 |a Corporations  |x Finance.  |0 http://id.loc.gov/authorities/subjects/sh85032938 
655 7 |a Electronic books.  |2 local 
710 2 |a NetLibrary, Inc.  |0 http://id.loc.gov/authorities/names/no99080690 
776 1 |c Original  |z 0471475653  |w (DLC) 2004299318  |w (OCoLC)54836564 
856 4 1 |u https://proxy.library.tamu.edu/login?url=http://www.netLibrary.com/urlapi.asp?action=summary&v=1&bookid=108679  |z Connect to the full text of this electronic book  |t 0 
994 |a 92  |b IKM 
999 |a MARS 
999 f f |s e046b3b0-2812-389e-9b21-6a9f619f76ee  |i fc364e67-1df2-312d-a8dd-9fe9a7eca5e0  |t 0 
952 f f |a Texas A&M University  |b College Station  |c Electronic Resources  |d Available Online  |t 0  |e HD60.5.U5 R82 2004eb  |h Library of Congress classification 
998 f f |a HD60.5.U5 R82 2004eb  |t 0  |l Available Online